| 000 | 01158nam a22002777a 4500 | ||
|---|---|---|---|
| 999 |
_c63295 _d63295 |
||
| 005 | 20240530110633.0 | ||
| 008 | 170912s2014 ua g b 000 0dara d | ||
| 017 |
_a2012/22233 _bمصر . دار الكتب المصرية |
||
| 020 | _a9789777181549 | ||
| 040 | _aEG-CaGPL | ||
| 082 | 0 | 4 |
_221 _a551.46\ _bك م |
| 100 | 1 | _aكالديكوت ، جوليان . | |
| 245 | 1 | 2 |
_aالماء : _bازمة عالمية : الاسباب و التكاليف و المستقبل / _cتاليف جوليان كالديكوت ؛ ترجمة منير شريف ؛ مراجعة عادل ابوالمجد . |
| 250 | _aط.1 | ||
| 260 |
_aالقاهرة : _bالمركز القومى للترجمة ، _c2014 . |
||
| 300 |
_a450 ص ؛ _c24 سم . |
||
| 490 | 0 |
_aالمركز القومى للترجمة ؛ _v2001 |
|
| 504 | _aيشتمل على ارجاعات ببليوجرافية | ||
| 650 | 0 | 7 | _aالمياه . |
| 650 | 0 | 7 | _aالمياه الجوفية . |
| 650 | 0 | 7 | _aالمياه الاقليمية . |
| 650 | 0 | 7 |
_aالمياه _xصراعات . |
| 700 | 0 |
_aمنير شريف _eمترجم . |
|
| 700 | 0 |
_aعادل ابوالمجد _eمراجع |
|
| 942 |
_2ddc _cBK |
||